Statistics for Countries & states with colour names

Click here to take the quiz!

General Stats

  • This quiz has been taken 210 times
  • The average score is 5 of 14

Answer Stats

HintAnswer% Correct
Island country, its name means "Green cape"Cape Verde
68%
Country of Denmark, supposedly named this to trick people into going thereGreenland
65%
West African country, an off-white place by the seaCôte d'ivoire
56%
"White Russia"Belarus
56%
"Black Mountain" in VenetianMontenegro
45%
Spanish for "Silvery Land"Argentina
42%
State name derives from Dutch for "Red Island"Rhode Island
29%
Same as above, but derived from ArabicSudan
22%
Country name derives from Greek for "Land of the Red Sea"Eritrea
19%
Country name derives from Greek for "Land of the Blacks"Ethiopia
19%
State name is Spanish for ruddy or redColorado
19%
"Green Mountain"Vermont
19%
Choctaw for "Red People"Oklahoma
9%
This country's name derives from "Blackbird" in its native languageKosovo
4%

Score Distribution

Percentile by Number Answered

Percent of People with Each Score

Your Score History

You have not taken this quiz